| 000 | 01025nam a2200265 a 4500 | ||
|---|---|---|---|
| 001 | 000009339 | ||
| 005 | 20240307073945.0 | ||
| 008 | 090929s1985 dr ad 000 0 spa d | ||
| 040 |
_aDO-SdBNP _bspa _cBNPHU |
||
| 082 |
_a616.921 _bD392h |
||
| 245 | 0 | 0 |
_aDengue hemorrágico en el niño / _ceditado por Eric Martínez Torres ... [et.al.]. |
| 260 |
_aSanto Domingo : _bUASD, _c1985. |
||
| 300 |
_a223 p. : _bil., diagr. ; _c21 cm. |
||
| 490 | 1 |
_aPublicaciones de la Universidad Autónoma de Santo Domingo _v459 |
|
| 504 | _aBibliografías [p. 223] | ||
| 504 | _aIncluye referencias bibliográficas y notas al pie de las páginas | ||
| 650 | 4 |
_aDengue _zCuba _924097 |
|
| 700 | 1 |
_aMartínez Torres, Eric, _eed. _924098 |
|
| 700 | 1 |
_aDotres Martínez, Carlos, _eed. _924099 |
|
| 700 | 1 |
_aGuzmán, Guadalupe, _eed. _924100 |
|
| 700 | 1 |
_aKouri, Gustavo, _eed. _924101 |
|
| 710 | 1 |
_aUniversidad Autónoma de Santo Domingo _972951 |
|
| 830 | 0 |
_aPublicaciones de la Universidad Autónoma de Santo Domingo _n459 _924102 |
|
| 049 | _aBNPD | ||
| 999 |
_c9099 _d9099 |
||